Dilemas contemporáneos de la identidad y lo juvenil. Territorialidad, modernidad y cultura /

محفوظ في:
التفاصيل البيبلوغرافية
المؤلف الرئيسي: Soto Ramírez, Juan
مؤلفون آخرون: Nateras Domínguez, Alfredo
التنسيق: نص
الموضوعات:
الوسوم: إضافة وسم
لا توجد وسوم, كن أول من يضع وسما على هذه التسجيلة!

MARC

LEADER 00000 a a2200000 04500
001 8962
003
040
100 |a Soto Ramírez, Juan  
245 |a Dilemas contemporáneos de la identidad y lo juvenil. Territorialidad, modernidad y cultura /  |c Juan Soto Ramírez 
650 |a JUVENTUD  
650 |a IDENTIDAD CULTURAL  
650 |a ASPECTOS PSICOLOGICOS  
700 |a Nateras Domínguez, Alfredo  
773 |g volumen 1, número 4; páginas 12-29  
999 |c 23097  |d 23097